<?xml version="1.0" encoding="UTF-8"?><?xml-stylesheet type="text/xsl" href="static/style.xsl"?><OAI-PMH xmlns="http://www.openarchives.org/OAI/2.0/" xmlns:xsi="http://www.w3.org/2001/XMLSchema-instance" xsi:schemaLocation="http://www.openarchives.org/OAI/2.0/ http://www.openarchives.org/OAI/2.0/OAI-PMH.xsd"><responseDate>2026-04-27T21:33:41Z</responseDate><request verb="GetRecord" identifier="oai:uvadoc.uva.es:10324/845" metadataPrefix="marc">https://uvadoc.uva.es/oai/request</request><GetRecord><record><header><identifier>oai:uvadoc.uva.es:10324/845</identifier><datestamp>2021-06-23T16:39:02Z</datestamp><setSpec>com_10324_30605</setSpec><setSpec>com_10324_894</setSpec><setSpec>col_10324_41</setSpec></header><metadata><record xmlns="http://www.loc.gov/MARC21/slim" xmlns:doc="http://www.lyncode.com/xoai" xmlns:xsi="http://www.w3.org/2001/XMLSchema-instance" xmlns:dcterms="http://purl.org/dc/terms/" xsi:schemaLocation="http://www.loc.gov/MARC21/slim http://www.loc.gov/standards/marcxml/schema/MARC21slim.xsd">
<leader>00925njm 22002777a 4500</leader>
<datafield tag="042" ind1=" " ind2=" ">
<subfield code="a">dc</subfield>
</datafield>
<datafield tag="720" ind1=" " ind2=" ">
<subfield code="a">Molinuevo Salces, Beatriz</subfield>
<subfield code="e">author</subfield>
</datafield>
<datafield tag="260" ind1=" " ind2=" ">
<subfield code="c">2011</subfield>
</datafield>
<datafield tag="520" ind1=" " ind2=" ">
<subfield code="a">Se estudió el efecto de la adición de vegetal en la digestión anaerobia de dos residuos ganaderos (purín  y gallinaza) evaluando la reducción de materia orgánica y la producción de metano mediante un diseño central compuesto. Se estudió la degradación del material lignocelulósico mediante microscopía electrónica de barrido  y la estabilidad del digestato mediante análisis térmico.  Además, en el caso del SM se estudió el proceso en condiciones semi-continuas, demostrando el efecto positivo de la adición de vegetal sobre la producción de metano. &#xd;
Por otro lado, se evaluaron dos sistemas para el tratamiento de nutrientes en SM digerido anaeróbicamente. Mediante el primero de ellos, el tratamiento anammox,  se obtuvieron eliminaciones de amonio y nitrito del 96% observando que la concentración de materia orgánica determinaba la eficiencia del proceso. El segundo sistema estudiado fue un tratamiento con microalgas. Se estudiaron la eliminación de nutrientes y la asimilación de dichos nutrientes por parte de la biomasa algal en dos tipos de reactor</subfield>
</datafield>
<datafield tag="024" ind2=" " ind1="8">
<subfield code="a">http://uvadoc.uva.es/handle/10324/845</subfield>
</datafield>
<datafield tag="024" ind2=" " ind1="8">
<subfield code="a">b1614133</subfield>
</datafield>
<datafield tag="024" ind2=" " ind1="8">
<subfield code="a">10.35376/10324/845</subfield>
</datafield>
<datafield ind1=" " ind2=" " tag="653">
<subfield code="a">Bacterias anaerobias</subfield>
</datafield>
<datafield ind1=" " ind2=" " tag="653">
<subfield code="a">Residuos ganaderos-Reciclaje</subfield>
</datafield>
<datafield ind1=" " ind2=" " tag="653">
<subfield code="a">Biogas</subfield>
</datafield>
<datafield tag="245" ind1="0" ind2="0">
<subfield code="a">Anaerobic digestion of livestock wastes: vegetable residues as co-substrate and digestate post-treatment</subfield>
</datafield>
</record></metadata></record></GetRecord></OAI-PMH>